000 00302nam a22001217a 4500
003 OSt
008 250128b |||||||| |||| 00| 0 eng d
041 _aeng
100 _aSubramanya, K
_9149
245 _aWater Resource Engineering
260 _aNew Delhi:
_bMcGraw Hill Book Co Ltd,
_c1990.
942 _cBK
999 _c19174
_d19174